Catálogo

Historia oral de los barrios y pueblos de la Ciudad de México : (Registro nro. 40562)

Detalles MARC
000 -LEADER
fixed length control field 01180cam a2200301 i 4500
001 - CONTROL NUMBER
control field 40562
003 - CONTROL NUMBER IDENTIFIER
control field Mx-PuUPA
005 - DATE AND TIME OF LATEST TRANSACTION
control field 20200123121303.0
008 - FIXED-LENGTH DATA ELEMENTS--GENERAL INFORMATION
fixed length control field 140415s1999 mx a gr 001 0 spa d
020 ## - INTERNATIONAL STANDARD BOOK NUMBER
International Standard Book Number 9686335064
040 ## - CATALOGING SOURCE
Original cataloging agency Mx-PuUPA
Language of cataloging spa
Transcribing agency Mx-PuUPA
Modifying agency Mx-PuUPA
Description conventions rda
041 0# - LANGUAGE CODE
Language code of text/sound track or separate title spa
245 10 - TITLE STATEMENT
Title Historia oral de los barrios y pueblos de la Ciudad de México :
Remainder of title Delegación Benito Juárez /
Statement of responsibility, etc. coordinación general, Edgar Tavares López ; colaboración fotográfica, Bernardo Fuchs M.
250 ## - EDITION STATEMENT
Edition statement Edición Paloma Quijano Castelló
264 #4 - PRODUCTION, PUBLICATION, DISTRIBUTION, MANUFACTURE, AND COPYRIGHT NOTICE
Place of production, publication, distribution, manufacture Ciudad de México :
Name of producer, publisher, distributor, manufacturer Consejo de la Crónica de la Ciudad de México,
Date of production, publication, distribution, manufacture, or copyright notice 1999
300 ## - PHYSICAL DESCRIPTION
Extent 79 páginas :
Other physical details ilustraciones ;
Dimensions 23 cm
336 ## - CONTENT TYPE
Content type term texto
Fuente rdacontent
Content type code txt
337 ## - MEDIA TYPE
Media type term sin medio
Source rdamedia
Media type code n
338 ## - CARRIER TYPE
Carrier type term volumen
Source rdacarrier
Carrier type code nc
650 #4 - SUBJECT ADDED ENTRY--TOPICAL TERM
Topical term or geographic name entry element Ciudades y pueblos
Geographic subdivision México
General subdivision Historia
651 ## - SUBJECT ADDED ENTRY--GEOGRAPHIC NAME
Geographic name Ciudad de México
General subdivision Historia
700 1# - ADDED ENTRY--PERSONAL NAME
Personal name Tavares López, Edgar,
Relator term coordinador
9 (RLIN) 10064
700 1# - ADDED ENTRY--PERSONAL NAME
Personal name Fuchs M., Bernardo,
Relator term fotográfo
942 ## - ADDED ENTRY ELEMENTS (KOHA)
Source of classification or shelving scheme Dewey Decimal Classification
Koha item type Libro
Classification part 972.53
Item part H673
Existencias
Withdrawn status Lost status Source of classification or shelving scheme Damaged status Not for loan Collection code Home library Current library Shelving location Date acquired Source of acquisition Total Checkouts Full call number Barcode Date last seen Price effective from Koha item type
    Dewey Decimal Classification     General Biblioteca Karol Wojtyla Biblioteca Karol Wojtyla Sala general 03/12/2013 Compra   972.53 H673 1999 61132 05/01/2026 03/12/2013 Libro